| 000 | 00575cam a2200181 4500 | ||
|---|---|---|---|
| 001 | ##L133667 | ||
| 008 | #DATE n1955 000 0 eng u | ||
| 035 | _a(Sirsi) u133667 | ||
| 041 | 0 | _aeng | |
| 050 | 0 | 4 | _a333.0062 |
| 110 | 2 |
_aRoyal Institution of Chartered Surveyors _94900 |
|
| 245 | 0 | 0 | _aConstitution and regulations of the Scottish Branch 1947 |
| 260 |
_aLondon _bRICS _c1955 |
||
| 300 |
_a14p. _c22cm. |
||
| 520 | _aReprinted, with amendments, 1955. | ||
| 690 | _aABOUT RICS-RICS STRUCTURE AND GOVERNANCE-RICS REGULATIONS-RICS CONDUCT REGULATIONS | ||
| 942 | _n0 | ||
| 999 |
_c105444 _d105444 |
||